000 00832nam a2200229 a 4500
001 BRL_1476
005 20190320211226.0
008 230114s1981----mx-o######---#000-0#spa-#
020 _a9685800987
041 _aspa
_hfre ; eng
044 _amx
050 4 _aGT1748.M6
_b.M37 1981
245 1 0 _aMáscaras
_bMuseo Universitario de Ciencias y Arte, mayo de 1981
260 _aMéxico
_bCoordinación de Humanidades, Centro de Investigación y Servicios Museológicos, Universidad Nacional Autónoma de México
_c1981
300 _a119 p.
_bil.
_c25 cm.
500 _aAu1752
500 _aTexto en: español, francés e inglés
650 1 4 _aMáscaras
_vExposiciones
_zMéxico
_923518
710 2 _aCentro Universidad Nacional Autónoma de México
_bMuseo Universitario de Ciencias y Arte
_927040
902 _aGRL
942 _2lcc
_cB
999 _c10286
_d10286